Statistics for Movies that Start with O - Part 2

Click here to take the quiz!

General Stats

  • This quiz has been taken 36 times
  • The average score is 6 of 17

Answer Stats

HintAnswer% Correct
Board game invented in 1886 hosts ancient spiritsOuija
69%
Woman and light-sensitive children live in a house that may be inhabitated by othersThe Others
62%
Sergei Eisenstein film about an eventful month in 1917October
55%
Amnesiac spoiled heiress betters herself when a carpenter abducts her to pass her off as his wifeOverboard
48%
Nice photo lab guy spends much time with "his" family, in this psychological thrillerOne Hour Photo
45%
James Bond marries, is widowedOn Her Majesty's Secret Service
45%
Film about family struggles that is best-remembered for beating "Raging Bull" at the Academy AwardsOrdinary People
45%
Korean man is imprisoned for 15 years. From then on, it's all downhill.Oldboy
38%
Harmonica player seeks revenge against baddie Henry Fonda in Sergio Leone's old westOnce Upon a Time in the West
34%
Fake magician must save foreign kingdom from a mean monarchessOz the Great and Powerful
24%
Alpha male Charlton Heston is the last person on earthThe Omega Man
24%
Farmer has no choice but to become an outlaw after Union soldiers massacre his family and then his Confederate fellowsThe Outlaw Josey Wales
24%
In this WWII story, a commander bravely endures having to take care of five army nurses and a pink submarineOperation Petticoat
17%
Korean girl protects genetically engineered superpig from being fed to the massesOkja
14%
Western in which Kevin Costner does not become an honorary IndianOpen Range
14%
In typical noir fashion, a man (Robert Mitchum) is haunted by his past and a beautiful womanOut of the Past
10%
Young Thai finds that his exceptional martial arts skills come in handy in the quest to retrieve a stolen Buddha headOng-Bak: The Thai Warrior
3%

Score Distribution

Percentile by Number Answered

Percent of People with Each Score

Your Score History

You have not taken this quiz